000 00742cam a22002654a 4500
999 _c35455
_d35455
001 001272410
003 AR-BaBN
005 20260303084003.0
007 ta
008 121123s2012 ag gr 001 0 spa d
020 _a9789506026264
040 _aSIUNPA
_bspa
_cSIUNPA
_eAACR2
041 _aspa
080 1 _a159.92 F363a
100 1 _aFernández, Alicia
_eautora
245 1 3 _aLa atencionalidad atrapada :
_bestudio sobre el desarrollo de la capacidad atencional /
_cAlicia Fernández
250 _a1a. ed., 1a. reimpr.
260 _aBuenos Aires :
_bNueva Visión,
_c2012
300 _a301 p.
490 _a(Psicología contemporánea)
650 4 _aPSICOLOGIA
650 4 _aATENCION
650 4 _aAPTITUDES
942 _2udc
_cBK